00696nam a22002057a 450000500170000001000130001702000230003003500130005303700160006604000120008208200160009410000210011024500850013126000390021627000710025530000210032650000190034765000820036665000420044820170124110038.0 aB-082205 c250.00a8187392479 aB-082205 bCen Lib/Ret aDPLbEN a871.01bKUP aKuppuswami, T.V. aLyrics of thyagaraja :cby T.V.Kuppuswamibcult of devotion and social realism / aNew DelhibAdroit Publishersc2004 a4675/21, Ganpati Bhawan, Ansari Road, DaryaganjbNew Delhie110002 a143p. c20cm(Hb) aIncludes index a Tyāgarāja, -- Swami, -- 1767-1847 -- Criticism and interpretation aTyāgarāja, -- Swami, -- 1767-1847